LEADER 01014nam a2200253 i 4500 001 000000182886 003 CaOOAMICUS 005 20200407092534.0 008 091102s1942 it a u000 u ita u 013 $a160847 040 $aSeMil$bita 100 1 $aBiggini, Carlo Alberto,$d<1902-1945>.$0(OLS)http://semarc/name/67359 245 10$aStoria inedita della conciliazione /$cCarlo Alberto Biggini. 264 1$aMilano :$bGarzanti,$c1942. 300 $a449 p., [3] p. di tav. :$bill. ;$c22 cm 650 4$aChiesa.$0(OLS)http://semarc/subject/3309 650 4$aConcordati.$0(OLS)http://semarc/subject/9171 650 4$aStato.$0(OLS)http://semarc/subject/2002 650 4$aFascismo.$0(OLS)http://semarc/subject/4130 850 $aSeMil 852 $aSeMil$W1$xVenegono$y1$m3E II 108$j133590$B133590$CSeMilBibl$Z2$F145358 $81 996 $6245$aStoria inedita della conciliazione$9(OLS)http://semarc/title/262454 996 $6264$aMilano :$bGarzanti$9(OLS)http://semarc/publisher/29852 LEADER 00983nam a2200193 i 4500 001 000000090797 003 CaOOAMICUS 005 20151126000000.0 008 151126s1887 it u000 u ita u 013 $a63039 040 $aSeMil$bita 245 10$aCenni sulla vita del sacerdote Biagio Verri missionario apostolico e continuatore dell'opera del riscatto delle morette iniziata dal venerabile sacerdote Olivieri /$cper L. Z. 260 $aSavona :$bAndrea Ricci,$c1887. 300 $a301 p. ;$c16 cm. 600 14$aVerri, Biagio .$0(OLS)http://semarc/subject/16594 850 $aSeMil 852 $aSeMil$W1$xVenegono$y1$m3J I 41 FA$j53764$B53764$CSeMilBibl$Z2$F58398 $8I 996 $6245$aCenni sulla vita del sacerdote Biagio Verri missionario apostolico e continuatore dell'opera del riscatto delle morette iniziata dal venerabile sacerdote Olivieri$9(OLS)http://semarc/title/136816 996 $6260$aSavona :$bAndrea Ricci$9(OLS)http://semarc/publisher/43675